Evaluación de la eficiencia energética de un sistema de gasificación comercial para la producción de electricidad a partir de residuos de madera
Salvato in:
| Autore principale: | |
|---|---|
| Natura: | Libro |
| Lingua: | Spanish |
| Pubblicazione: |
San José, Costa Rica
2018
|
| Soggetti: | |
| Tags: |
Aggiungi Tag
Nessun Tag, puoi essere il primo ad aggiungerne!!
|
MARC
| LEADER | 00000nam a22000007a 4500 | ||
|---|---|---|---|
| 003 | 012891 | ||
| 005 | 20221231144322.0 | ||
| 008 | 180621b2018 cr a|||| |m|| 00| ||spa d | ||
| 040 | |c cru CEDI | ||
| 090 | |a TFG 8042 | ||
| 100 | |9 12428 |a Morice Montoya, Juan Gabriel | ||
| 245 | |a Evaluación de la eficiencia energética de un sistema de gasificación comercial para la producción de electricidad a partir de residuos de madera | ||
| 260 | |a San José, Costa Rica |c 2018 | ||
| 300 | |a xix, 153[3]hojas algunas plegables: ilustraciones a color | ||
| 500 | |a Proyecto de graduación(licenciatura en ingeniería química)--Universidad de Costa Rica. Facultad de Ingeniería. Escuela de Ingeniería Química | ||
| 651 | |x CONSERVACION DE LA ENERGIA |x CONSUMO DE ENERGIA |x MADERA |9 12429 | ||
| 942 | |c TFG | ||
| 999 | |c 20095 |d 20095 | ||
